000 00167 a2200085 4500
041 _aspa
100 _aAnonimo
245 _aLengua y Literatura y Matematica
942 _cBK
999 _c15505
_d15505